Long-time Nuclear Waste Warnings Quiz - Statistics

General Stats
  • This quiz has been taken 10 times
  • The average score is 5 of 29
Answer Stats
Hint Answer % Correct
pay {attention} to it!
90%
This message is a {warning} about danger.
70%
Sending this message was {important} to us.
60%
The danger is still {present}, in your time, as it was in ours.
40%
the center of danger is {here}...
30%
The danger is to the {body}, and it can kill.
30%
These animals would be genetically engineered to change colour in the presence of radiation, and myths would reinforce this danger Cats
20%
no highly {esteemed} deed is commemorated here...
20%
of a particular size and shape, and {below} us.
20%
This place is a {message}...
20%
This place is not a place of {honor}... nothing valued is here.
20%
and part of a {system} of messages...
10%
These plants would have their DNA coded to contain information about the sites they grow at Atomic {flowers}
10%
it {increases} towards a center...
10%
A mass of many irregularly-sized spikes protruding from the ground in all directions Landscape of {Thorns}
10%
The danger is in a {particular} location...
10%
The form of the danger is an {emanation} of energy.
10%
This place is best {shunned} and left uninhabited.
10%
We considered ourselves to be a {powerful} culture.
10%
What is here was dangerous and {repulsive} to us.
10%
These machines would transmit information about nuclear waste sites for millennia Artificial {satellites}
0%
An institution, similar to the Catholic church, which hands down information across generations Atomic {priesthood}
0%
An enormous slab of basalt or black-dyed concrete, rendering the land uninhabitable Black {Hole}
0%
A network of house-sized stone blocks, arranged in an irregular square grid {Forbidding} Blocks
0%
Large mounds of earth shaped like lightning bolts, from the edges of a square site {Menacing} Earthworks
0%
A large square-shaped pile of dynamited rock, which would give a sense of destruction {Rubble} Landscape
0%
A series of extremely large spikes emerging from the ground at different angles Spike {Field}
0%
A large square grid pattern, through which large spikes protrude at various angles Spikes {Bursting} Through Grid
0%
The danger is {unleashed} only if you substantially disturb this place physically.
0%
No matching quizzes found
Score Distribution
Percent of People with Each Score
Percentile by Number Answered
Your Score History
You have not taken this quiz